| 000 | 01144nam0a22002771 4500 | ||
|---|---|---|---|
| 001 | rc\3582128 | ||
| 005 | 20260407122723.0 | ||
| 021 |
_aRU _b75-5167 |
||
| 021 |
_aRU _bРг3105-75 |
||
| 035 | _a(NLR Aleph) 007697840 | ||
| 090 |
_a6712520 _c6712520 |
||
| 100 | _a20130115d1974 |||y0rusy50 ca | ||
| 101 | 0 | _arus | |
| 102 | _aRU | ||
| 105 | _ay z ||||| | ||
| 200 | 1 |
_aПищевая промышленность области и ее роль в реализации главной задачи 9-й пятилетки _e(Метод. разработка в помощь лектору) _fО-во "Знание" РСФСР. Рост. обл. организация |
|
| 210 |
_aРостов-на-Дону _cБ. и. _d1974 |
||
| 215 |
_a[1], 17 с. _d20 |
||
| 300 | _aВ конце текста авт.: И.И. Гаврицков | ||
| 701 | 1 |
_aГаврицков _bИ.И. |
|
| 712 | 0 | 2 |
_a"Знание", общество РСФСР _bРостовское областное отделение _3RU\NLR\AUTH\889959508 _9415187 |
| 801 | 0 |
_aRU _bNLR _gpsbo |
|
| 801 | 1 |
_aRU _bELAR _2rusmarc |
|
| 852 |
_aNLR _j74-4/34087 |
||
| 942 | _cBOOK | ||
| 980 | _aNB | ||